Fyzika : Mechanika,pružnosť a pevnosť,hydromechanika

Saved in:
Bibliographic Details
Main Author: Veselský, Juraj, 1947- (Author)
Format: Book
Language:Slovak
Published: Bratislava : STU v Bratislave, 2009
Edition:2.opr.vyd.
Tags: Add Tag
No Tags, Be the first to tag this record!

MARC

LEADER 00000nam a22000003a 4500
001 stu188796
005 20150617225606.8
008 090824s2009----xo------------------slo-d
020 |a 978-80-227-3099-0 
040 |a STU  |b slo 
041 0 |a slo 
044 |a xo 
080 |a 53  |7 stu_us_auth*stu7966 
100 1 |a Veselský, Juraj,  |d 1947-  |4 aut  |u V240  |U SvF Stavebná fakulta  |T SvF Katedra fyziky  |X 622  |U V240  |Y 25  |7 A000000622 
245 1 |a Fyzika :  |b Mechanika,pružnosť a pevnosť,hydromechanika 
250 |a 2.opr.vyd. 
260 |a Bratislava :  |b STU v Bratislave,  |c 2009 
300 |a 191 s 
996 |b 284V032985  |c V*42450/S-09  |l VVS  |s A  |a 24  |w stu188796_0001 
996 |b 284V036263  |c V*43277/S-14  |l VVS  |s A  |a 24  |w stu188796_0002 
996 |b 284V032983  |c V*42448/S-09  |l VVT  |s A  |a 24  |w stu188796_0003 
996 |b 284V032984  |c V*42449/S-09  |l VVS  |s A  |a 24  |w stu188796_0004